| 000 | 00573nam a2200193 a 4500 | ||
|---|---|---|---|
| 005 | 20260312064037.0 | ||
| 008 | 991125s1971 mx 000 0 spa u | ||
| 035 | _aUPN01000003038 | ||
| 049 | _aCG | ||
| 050 | 4 |
_aHB851 _bP6.2 |
|
| 245 | 0 | 0 | _aPoblación y educación. |
| 260 |
_aMéxico : _bPax-México, _cc1971. |
||
| 300 | _a155 p. | ||
| 500 | _aEn la portada: Oficina regional de la UNESCO para la educación en Asia, Bangkok, Tailandia, 1971 | ||
| 650 | 4 |
_aControl de la natalidad _912362 |
|
| 650 | 4 |
_aEducación _9682 |
|
| 650 | 2 |
_aPoblación _91357 |
|
| 905 | _aLibro | ||
| 999 |
_c3038 _d3038 |
||